Statistics for Fill the World Map by Westernmost Tripoints

Click here to take the quiz!

General Stats

  • This quiz has been taken 182 times
  • The average score is 82 of 102

Answers on the Map

Answers color-coded by a green-red scale on the quiz's map according to % correct below.
 

Answer Stats

Country% Correct
El Salvador
96%
Guatemala
96%
Honduras
96%
Argentina
92%
Bolivia
92%
Brazil
92%
Chile
92%
Colombia
91%
Ecuador
91%
Guyana
91%
Peru
91%
Venezuela
91%
Burkina Faso
88%
Côte d'Ivoire
88%
Guinea
88%
Guinea-Bissau
88%
Mali
88%
Senegal
88%
Algeria
87%
Mauritania
87%
Morocco
87%
Andorra
85%
Austria
85%
Belgium
85%
Spain
85%
Benin
84%
Cameroon
84%
France
84%
Germany
84%
Liechtenstein
84%
Netherlands
84%
Niger
84%
Nigeria
84%
Switzerland
84%
Albania
83%
Angola
83%
Bosnia and Herzegovina
83%
Botswana
83%
Croatia
83%
Czech Republic
83%
D. R. Congo
83%
Equatorial Guinea
83%
Finland
83%
Gabon
83%
Montenegro
83%
Namibia
83%
Norway
83%
Poland
83%
Republic of the Congo
83%
Serbia
83%
Slovakia
83%
South Africa
83%
Sweden
83%
Hungary
82%
Kosovo
82%
Macedonia
82%
Slovenia
82%
Central African Republic
81%
Chad
81%
Sudan
81%
Bulgaria
80%
Greece
80%
Moldova
80%
Romania
79%
Turkey
79%
Ukraine
79%
Belarus
78%
Latvia
78%
Mozambique
78%
Zambia
78%
Zimbabwe
78%
Lithuania
77%
Ethiopia
76%
Kenya
76%
Rwanda
76%
Tanzania
76%
Uganda
76%
Armenia
73%
Azerbaijan
73%
China
73%
Georgia
73%
Israel
73%
Jordan
73%
South Sudan
73%
Syria
73%
Afghanistan
72%
Iran
72%
Pakistan
71%
Iraq
70%
Kuwait
70%
Saudi Arabia
70%
Cambodia
69%
India
69%
Kazakhstan
69%
Turkmenistan
69%
Uzbekistan
69%
Bangladesh
68%
Kyrgyzstan
68%
Laos
68%
Myanmar
68%
Thailand
68%
Tajikistan
67%

Score Distribution

Percentile by Number Answered

Percent of People with Each Score

Your Score History

You have not taken this quiz